00892nam a2200241Ia 4500003000900000008004100009040001300050040001300063041000800076100002500084245011400109250001200223260001000235260000900245300001100254300001200265490002200277490000700299600013800306942000700444999001700451952018200468IT-RoPAU120407s9999 xx 000 0 und d aIT-RoPAU cIT-RoPAU aita aRudolf Schnackenburg aPresente e futuro. Aspetti attuali della teologia del Nuovo Testamento. Versione dall’inglese di Enzo Gatti aTorino  aBorla c1972 a189 p. c20,5 cm aLe idee e la vita v62 a"Tit. orig.: Present snd future 1. - Bibbia -Nuoivo Testamento, Teologia I - Gatti Enzo 225 BNI 72-12179" cBK c27788d27788 00102ddc406208_56200000000000071aPAULUSbPAULUSd2012-04-11l0o208.562r2012-04-11 00:00:00w2012-04-11yBKzInserito da: In data: n.d. fondo: Via A.Severo 56 Progr:29718